| 000 | 00625nam a2200241Ia 4500 | ||
|---|---|---|---|
| 003 | OSt | ||
| 005 | 20220918214255.0 | ||
| 006 | a|||||r|||| 00| 0 | ||
| 007 | ta | ||
| 008 | 220917b |||||||| |||| 00| 0 eng d | ||
| 024 | _a136,606 | ||
| 037 | _cTextual | ||
| 040 |
_aARTS _cARTS _beng |
||
| 041 |
_2eng _aeng |
||
| 082 | _aX9H.2, J4 | ||
| 110 |
_aIndia Planning Commisssion _9130544 |
||
| 245 | 0 | _aDevelopment of minearal resources | |
| 260 |
_aNA _bNA _c1954 |
||
| 650 | _aECONOMICS | ||
| 700 |
_aIndia Planning Commisssion _9130545 |
||
| 942 |
_hX9H.2, J4 _cTEXL _2CC |
||
| 999 |
_c259696 _d259696 |
||